[Event "Russian Championship G13 1st league 2016"]
[Site "Loo"]
[Date "2016.04.24"]
[Round "5.36"]
[White "Lashkova, Ekaterina"]
[Black "Belozerova, Olga"]
[Result "1-0"]
[WhiteElo "1302"]
[BlackElo "1057"]
[PlyCount "73"]
[EventDate "2016.04.20"]

1. e4 e6 2. d4 d5 3. e5 c5 4. c3 Nc6 5. Nf3 Nge7 6. Bd3 Nf5 7. Bxf5 exf5 8. a3
cxd4 9. cxd4 b5 10. Nc3 b4 11. axb4 Bxb4 12. O-O O-O 13. Qb3 Bxc3 14. bxc3 Rb8
15. Qc2 f6 16. exf6 Qxf6 17. Re1 Bd7 18. Qa2 Qd6 19. Ba3 Qf6 20. Bxf8 Kxf8 21.
Qxd5 Rd8 22. Qc5+ Kg8 23. Ne5 Nxe5 24. dxe5 Qe6 25. Rxa7 Be8 26. Qc7 Rd7 27.
Qb8 Rxa7 28. Qxa7 Qc4 29. Qd4 Qxd4 30. cxd4 Kf7 31. e6+ Ke7 32. f4 Kd6 33. Re5
Kc6 34. Rxf5 Kd6 35. Re5 Kc6 36. e7 Bf7 37. e8=Q+ 1-0

[Event "Russian Championship G13 1st league 2016"]
[Site "Loo"]
[Date "2016.04.24"]
[Round "5.40"]
[White "Bychenok, Kseniya"]
[Black "Oreshkina, Natalia"]
[Result "0-1"]
[WhiteElo "1334"]
[BlackElo "1513"]
[PlyCount "62"]
[EventDate "2016.04.20"]

1. e4 e5 2. Nf3 Nc6 3. Bc4 Nf6 4. Ng5 d5 5. exd5 Na5 6. Bb5+ c6 7. dxc6 bxc6 8.
Be2 h6 9. Nf3 e4 10. Ne5 Bc5 11. c3 Bd6 12. Ng4 Bxg4 13. Bxg4 O-O 14. b3 Qe7
15. O-O Rad8 16. Re1 Qe5 17. g3 Qd5 18. Bh3 Rfe8 19. Bg2 Qf5 20. Na3 Ng4 21.
Rf1 Ne5 22. Qe2 Nd3 23. Nc2 Qe5 24. Ne3 Qe6 25. Nc2 Qg6 26. Ne3 h5 27. Rb1 f5
28. f3 f4 29. Nc2 fxg3 30. fxe4 Nf4 31. Qf3 Rf8 0-1

[Event "Russian Championship G13 1st league 2016"]
[Site "Loo"]
[Date "2016.04.24"]
[Round "5.41"]
[White "Bronnikova, Ekaterina"]
[Black "Breus, Anastasia"]
[Result "1-0"]
[WhiteElo "1360"]
[BlackElo "1403"]
[PlyCount "119"]
[EventDate "2016.04.20"]

1. e4 e5 2. Nf3 Nc6 3. Bb5 Nf6 4. d3 d6 5. c3 Be7 6. O-O Bg4 7. h3 Bh5 8. Nbd2
O-O 9. Re1 a6 10. Ba4 b5 11. Bb3 Rb8 12. Nf1 h6 13. Ng3 Bg6 14. Be3 d5 15. Nh4
Bh7 16. Nhf5 Qd7 17. Nxe7+ Nxe7 18. f3 Rbc8 19. c4 dxe4 20. dxe4 Qxd1 21. Raxd1
Rfd8 22. cxb5 axb5 23. Bc5 Nc6 24. Be3 Ne7 25. Ne2 c6 26. Bb6 Rxd1 27. Rxd1 Rb8
28. Bc7 Re8 29. Bxe5 Nc8 30. Bc7 Re7 31. Rd8+ Re8 32. e5 Rxd8 33. Bxd8 Nd5 34.
Bxd5 cxd5 35. Nc3 d4 36. Nxb5 d3 37. Ba5 Ne7 38. Kf2 Nc6 39. Bc3 Nxe5 40. Bxe5
d2 41. Ke2 Bd3+ 42. Kxd2 Bxb5 43. g3 g6 44. Kc3 Bc6 45. f4 Kf8 46. b3 Ke7 47.
a4 g5 48. a5 Bb7 49. b4 gxf4 50. Bxf4 h5 51. b5 Kd7 52. Kd4 Kc8 53. Kc5 Kd7 54.
Kb6 Kc8 55. Ka7 Bg2 56. h4 Bf1 57. b6 Bg2 58. a6 Kd7 59. b7 Bxb7 60. axb7 1-0

[Event "Russian Championship G13 2016"]
[Site "Loo"]
[Date "2016.04.24"]
[Round "5.1"]
[White "Bodnaruk, Kseniya"]
[Black "Garifullina, Leya"]
[Result "1/2-1/2"]
[WhiteElo "1591"]
[BlackElo "1897"]
[PlyCount "135"]
[EventDate "2016.04.20"]

1. e4 e6 2. d3 d5 3. Nd2 Nf6 4. Ngf3 c5 5. g3 Nc6 6. Bg2 Bd6 7. O-O d4 8. Nc4
Bc7 9. a4 e5 10. c3 O-O 11. Ne1 Nd7 12. f4 f6 13. f5 a6 14. h4 Rb8 15. Nd2 b5
16. axb5 axb5 17. c4 bxc4 18. Nxc4 Nb6 19. b3 Nxc4 20. bxc4 Na5 21. Ba3 Qd6 22.
Nf3 Bd7 23. Qe2 Rb7 24. Rab1 Rfb8 25. Rxb7 Rxb7 26. g4 Rb3 27. Bc1 Rb1 28. g5
Nb3 29. Qc2 Rxc1 30. Rxc1 Nxc1 31. Qxc1 Qb6 32. gxf6 gxf6 33. Kh2 Qb3 34. Qd2
Ba4 35. Bf1 Qc2 36. Qxc2 Bxc2 37. Be2 Bd6 38. Kg2 Bf8 39. Nh2 Kf7 40. Ng4 Bd6
41. Kf2 Bc7 42. Nh2 Ba5 43. Nf3 Kg7 44. Kg2 Bd8 45. Kf2 Kf7 46. Nh2 Ke7 47. Ng4
Ba5 48. Kf1 Bd2 49. Kf2 Bf4 50. Kf3 Kf7 51. Kg2 Kg7 52. Kf3 Bd2 53. Kf2 Kf7 54.
Kf1 Ke7 55. Kf2 Bf4 56. Kf3 Kf7 57. Kg2 Kg7 58. Kf3 Bd2 59. Kf2 Ba5 60. Kf1 Kf7
61. Kf2 Bb4 62. Kf1 Bc3 63. Kf2 Bd2 64. Kf1 Bf4 65. Kg2 Ke7 66. Kf3 Bc1 67. Kf2
Bd2 68. Kf1 1/2-1/2

[Event "Russian Championship G13 2016"]
[Site "Loo"]
[Date "2016.04.24"]
[Round "5.2"]
[White "Zelenskaya, Anastasiya"]
[Black "Stepanyan, Eva"]
[Result "0-1"]
[WhiteElo "1610"]
[BlackElo "1737"]
[PlyCount "130"]
[EventDate "2016.04.20"]

1. e4 c5 2. Nf3 e6 3. c4 a6 4. Nc3 d6 5. d4 cxd4 6. Nxd4 Nf6 7. Be3 Qc7 8. Be2
Be7 9. O-O O-O 10. Rc1 Nbd7 11. Qd2 b6 12. Rfd1 Bb7 13. f3 Rac8 14. Kh1 Rfe8
15. Bf1 Ne5 16. b3 Bf8 17. Qf2 Ned7 18. Nc2 Bc6 19. Nd4 Qb8 20. Nxc6 Rxc6 21.
Ne2 Rec8 22. Nd4 R6c7 23. Nc2 Nc5 24. Nb4 Qb7 25. Bf4 Rd7 26. Nc2 Nh5 27. Be3
Rdd8 28. Qh4 Nf6 29. Nd4 Be7 30. Qf2 Rc7 31. b4 Ncd7 32. Nb3 Rdc8 33. Rc2 d5
34. exd5 Nxd5 35. a3 Nxe3 36. Qxe3 h6 37. Bd3 Nf6 38. c5 bxc5 39. Nxc5 Bxc5 40.
bxc5 Nd5 41. Qd4 Qb3 42. a4 Nb4 43. Rcd2 Rxc5 44. Be4 f5 45. Bb7 R8c7 46. h3
Nd5 47. Bxa6 Kh7 48. Rb2 Qa3 49. Bb5 Rc1 50. Rb1 R1c5 51. Rd3 Qa2 52. Qa1 Qf2
53. Rf1 Qg3 54. Qe1 Qg6 55. Rd1 Rc2 56. Rf2 Nf4 57. Rxc2 Rxc2 58. Rd2 Rc5 59.
Qg1 Re5 60. Bc4 Qg3 61. Rf2 Nh5 62. Rf1 Qf4 63. Qh2 Ng3+ 64. Kg1 Qd4+ 65. Rf2
Re1+ 0-1

[Event "Russian Championship G13 2016"]
[Site "Loo"]
[Date "2016.04.24"]
[Round "5.3"]
[White "Murzina, Agata"]
[Black "Vorobyova, Ekaterina"]
[Result "1-0"]
[WhiteElo "1752"]
[BlackElo "1625"]
[PlyCount "97"]
[EventDate "2016.04.20"]

1. e4 e5 2. Nf3 Nc6 3. Nc3 Nf6 4. Bb5 Nd4 5. Ba4 Nxf3+ 6. Qxf3 c6 7. O-O d6 8.
d3 Be7 9. Nd5 Bd7 10. Nxe7 Qxe7 11. Bg5 O-O-O 12. c4 h6 13. Be3 Kb8 14. Qe2 Ng4
15. Bd2 Qh4 16. h3 Nf6 17. b4 g5 18. f3 Nh5 19. Be1 Qf4 20. Qf2 Qf6 21. Qe3 Nf4
22. Bf2 b6 23. c5 b5 24. Bxb5 d5 25. Ba6 d4 26. Qd2 Bc8 27. b5 Ka8 28. Qa5 cxb5
29. Bxb5 Bb7 30. Rab1 Ne2+ 31. Kh1 Nc3 32. Rb3 Nxb5 33. Qxb5 Rb8 34. Rfb1 Qa6
35. Qd7 Bc6 36. Qxf7 Qa5 37. Qe7 Rxb3 38. axb3 Re8 39. Qd6 Qb5 40. Bg3 Rc8 41.
Qe6 Bb7 42. Rc1 Qxd3 43. c6 Ba6 44. Bxe5 Qd2 45. Ra1 Qd3 46. c7 Bb7 47. Qb6 a6
48. Bxd4 Qxd4 49. Qxd4 1-0

[Event "Russian Championship G13 2016"]
[Site "Loo"]
[Date "2016.04.24"]
[Round "5.4"]
[White "Mironenko, Galina"]
[Black "Erokhova, Violetta"]
[Result "1-0"]
[WhiteElo "1731"]
[BlackElo "1618"]
[PlyCount "125"]
[EventDate "2016.04.20"]

1. e4 c6 2. d4 d5 3. Nc3 dxe4 4. Nxe4 Nf6 5. Nxf6+ gxf6 6. c3 Bf5 7. Bd3 Bxd3
8. Qxd3 Qc7 9. Ne2 Nd7 10. Bf4 e5 11. Bg3 O-O-O 12. O-O-O Qa5 13. Kb1 Bg7 14.
Qf5 Qb5 15. Rhe1 h5 16. h4 Kb8 17. f4 Nb6 18. fxe5 fxe5 19. Qxf7 Nc4 20. b3 Ne3
21. Qxg7 Nxd1 22. Qxe5+ Ka8 23. Qxb5 Nxc3+ 24. Nxc3 cxb5 25. Nxb5 a6 26. Nc7+
Ka7 27. d5 Rhg8 28. Re3 Rdf8 29. d6 Kb6 30. d7 Kc6 31. Rd3 Rd8 32. Ne8 Rg6 33.
Nd6 Rxd7 34. Rc3+ Kd5 35. Nc4 Rdg7 36. Rd3+ Ke4 37. Re3+ Kd5 38. Be5 Re7 39.
Rd3+ Kc6 40. g3 b5 41. Na5+ Kb6 42. Bc3 Re2 43. b4 Rg2 44. Bd4+ Kc7 45. Be5+
Kb6 46. Rd7 Rg1+ 47. Kb2 Rg2+ 48. Kb3 R2xg3+ 49. Bxg3 Rxg3+ 50. Kc2 Rg2+ 51.
Kd3 Rg3+ 52. Ke4 Rg4+ 53. Kf5 Rxb4 54. Nb3 Rxh4 55. Rd6+ Kc7 56. Rxa6 Ra4 57.
Rxa4 bxa4 58. Nc5 a3 59. Na6+ Kb6 60. Nb4 Kb5 61. Nc2 Kc4 62. Nxa3+ Kc3 63.
Nb1+ 1-0

[Event "Russian Championship G13 2016"]
[Site "Loo"]
[Date "2016.04.24"]
[Round "5.5"]
[White "Sovina, Maria"]
[Black "Tereshechkina, Taisiya"]
[Result "1/2-1/2"]
[WhiteElo "1605"]
[BlackElo "1679"]
[PlyCount "138"]
[EventDate "2016.04.20"]

1. d4 Nf6 2. c4 d6 3. Nc3 Nbd7 4. e4 e5 5. Nf3 Be7 6. Be2 O-O 7. O-O c6 8. a3
a5 9. Bd2 exd4 10. Nxd4 Nc5 11. Qc2 Re8 12. Rfe1 Bf8 13. Bf3 g6 14. Bg5 h6 15.
Bh4 Bg7 16. Rad1 g5 17. Bg3 g4 18. e5 Qe7 19. Qc1 dxe5 20. Rxe5 Be6 21. Nf5 Qf8
22. Nxg7 Qxg7 23. Be2 Ncd7 24. Re3 Bf5 25. Bd3 Bxd3 26. Rdxd3 Nc5 27. Rxe8+
Rxe8 28. Re3 Rxe3 29. Qxe3 Ne6 30. Be5 Qg6 31. Qe2 h5 32. Kf1 Nd7 33. Bd6 Qg5
34. Qd1 Nb6 35. b3 Qf5 36. Qd2 Kh7 37. Ke1 Nd7 38. Kf1 Ne5 39. Bxe5 Qxe5 40.
Qd3+ Kg7 41. Qg3 Qg5 42. Qe3 Qxe3 43. fxe3 f5 44. Kf2 h4 45. Na4 b5 46. cxb5
cxb5 47. Nc3 b4 48. axb4 axb4 49. Nb5 Nc5 50. Nd4 Kf6 51. Ke2 Ke5 52. Nc6+ Ke4
53. Nxb4 Nxb3 54. Nd3 Na5 55. Nc5+ Kd5 56. Nd7 Ke4 57. Nf6+ Ke5 58. Nd7+ Ke4
59. Nc5+ Kd5 60. Nd7 Ke4 61. Nf8 Nc4 62. Ng6 Nxe3 63. Nxh4 Nd5 64. Ng6 Nf6 65.
Ne7 Nh5 66. g3 f4 67. gxf4 Kxf4 68. Kf2 g3+ 69. hxg3+ Nxg3 1/2-1/2

[Event "Russian Championship G13 2016"]
[Site "Loo"]
[Date "2016.04.24"]
[Round "5.6"]
[White "Baisheva, Nyurguiaana"]
[Black "Shpakivskaya, Alina"]
[Result "1-0"]
[WhiteElo "1603"]
[BlackElo "1634"]
[PlyCount "123"]
[EventDate "2016.04.20"]

1. e4 c5 2. Nf3 e6 3. c3 Nc6 4. d4 cxd4 5. cxd4 h6 6. Bc4 Bb4+ 7. Bd2 Qb6 8.
O-O Bxd2 9. Qxd2 Nge7 10. Nc3 O-O 11. d5 Nb8 12. Na4 Qd8 13. Rfd1 exd5 14. Bxd5
Nxd5 15. Qxd5 Qf6 16. Nc5 Qc6 17. Ne5 Qxd5 18. Rxd5 b6 19. Ncxd7 Nxd7 20. Nxd7
Bxd7 21. Rxd7 Rfd8 22. Rc7 Rac8 23. Rxc8 Rxc8 24. a3 Rc2 25. b4 Kf8 26. g3 Ke7
27. Kg2 Ke6 28. Kf3 Ke5 29. Re1 h5 30. Re3 g6 31. Rd3 a6 32. Ke3 b5 33. f4+ Ke6
34. h4 Ke7 35. e5 Ke8 36. Kd4 Rc4+ 37. Ke3 Rc2 38. f5 Rc6 39. fxg6 fxg6 40. Kf4
Ke7 41. Kg5 Re6 42. Kf4 Rc6 43. Rd6 Rc4+ 44. Kg5 Rg4+ 45. Kh6 Rxg3 46. Rxa6 Kf7
47. Rf6+ Ke7 48. Rxg6 Rxa3 49. Rb6 Rc3 50. Kxh5 Rc8 51. Kg5 Rc1 52. h5 Rg1+ 53.
Kf5 Rf1+ 54. Kg6 Rg1+ 55. Kh7 Rg5 56. Rb7+ Ke6 57. h6 Rxe5 58. Kg6 Kd6 59. h7
Re1 60. h8=Q Rg1+ 61. Kf5 Rf1+ 62. Ke4 1-0

[Event "Russian Championship G13 2016"]
[Site "Loo"]
[Date "2016.04.24"]
[Round "5.7"]
[White "Gibadullina, Rajana"]
[Black "Yakimova, Mariya"]
[Result "0-1"]
[WhiteElo "1569"]
[BlackElo "1631"]
[PlyCount "88"]
[EventDate "2016.04.20"]

1. e4 c5 2. Nc3 Nc6 3. Bc4 e6 4. d3 a6 5. a4 Nf6 6. f4 d5 7. Ba2 d4 8. Nce2 Be7
9. Nf3 O-O 10. O-O b5 11. h3 Bb7 12. Qe1 Nb4 13. Bb1 h5 14. Qg3 Nc6 15. Ng5 c4
16. Qh4 g6 17. g4 Kg7 18. e5 Nd5 19. gxh5 Rh8 20. h6+ Rxh6 21. Qxh6+ Kxh6 22.
Nxf7+ Kg7 23. Nxd8 Rxd8 24. axb5 axb5 25. Bd2 Ne3 26. Bxe3 dxe3 27. Kh2 Nd4 28.
Nxd4 Rxd4 29. Ra7 Rd7 30. Re1 Bc5 31. Ra1 cxd3 32. cxd3 Bf3 33. Kg3 Bh5 34. d4
Bxd4 35. Be4 e2 36. Rab1 Bb6 37. b4 Rd4 38. Bc6 Rd3+ 39. Kg2 Bd8 40. Bxb5 Re3
41. Rh1 Bf3+ 42. Kf2 Bb6 43. Kg3 Bxh1+ 44. Kf2 Rb3+ 0-1

[Event "Russian Championship G13 2016"]
[Site "Loo"]
[Date "2016.04.24"]
[Round "5.8"]
[White "Dubnikova, Anastasia"]
[Black "Komendrovskaya, Olga"]
[Result "1-0"]
[WhiteElo "1686"]
[BlackElo "1557"]
[PlyCount "171"]
[EventDate "2016.04.20"]

1. d4 d5 2. c4 e6 3. Nc3 c6 4. cxd5 exd5 5. Bf4 Bf5 6. Nf3 Qb6 7. Qb3 Nd7 8.
Qxb6 axb6 9. Nh4 Be6 10. e3 Be7 11. Bg3 Ngf6 12. Bd3 b5 13. Nf5 Bxf5 14. Bxf5
g6 15. Bc2 Nb6 16. Bb3 Nh5 17. Be5 f6 18. Bc7 Nc8 19. h3 Kd7 20. Bh2 Bd6 21.
O-O Bxh2+ 22. Kxh2 Nd6 23. a3 Rhe8 24. g4 Ng7 25. Bxd5 Rf8 26. Bb3 Rae8 27.
Rae1 Re7 28. e4 Rfe8 29. f3 g5 30. a4 bxa4 31. Nxa4 Ne6 32. Bxe6+ Kxe6 33. Nc5+
Kf7 34. Rc1 Nb5 35. Rfd1 Rd8 36. Rc4 Kg6 37. Kg3 h5 38. Nb3 hxg4 39. hxg4 Nd6
40. Rc2 Nb5 41. Rcd2 Red7 42. d5 Rd6 43. Nd4 Nc7 44. Nf5 R6d7 45. Rh2 cxd5 46.
Rhd2 Kf7 47. exd5 Nxd5 48. Rh2 Nb6 49. Re1 Kg8 50. Ne7+ Kg7 51. Nf5+ Kg8 52.
Rh6 Rf8 53. Reh1 Kf7 54. Re1 Kg8 55. Re6 Nd5 56. Nd6 Kg7 57. Rh1 Rh8 58. Rd1
Nc7 59. Nf5+ Kf8 60. Rxf6+ Ke8 61. Nd6+ Kd8 62. Nf7+ Kc8 63. Rxd7 Rf8 64. Rd1
Kb8 65. Rf5 Ne6 66. Rd6 Ng7 67. Rxg5 Rxf7 68. f4 Kc7 69. Rdg6 Ne8 70. Rc5+ Kd8
71. f5 Nf6 72. Kf4 Kd7 73. g5 Ne8 74. Rb6 Kd8 75. g6 Rg7 76. Kg5 Rd7 77. f6 Nc7
78. g7 Ne8 79. g8=Q Rg7+ 80. Qxg7 Nxg7 81. Rd6+ Ke8 82. fxg7 Kf7 83. Rc7+ Kg8
84. Rxb7 Kh7 85. Rh6+ Kg8 86. Rh8# 1-0

[Event "Russian Championship G13 2016"]
[Site "Loo"]
[Date "2016.04.24"]
[Round "5.9"]
[White "Nasybullina, Dayana"]
[Black "Lintsova, Liliya"]
[Result "1-0"]
[WhiteElo "1652"]
[BlackElo "1557"]
[PlyCount "141"]
[EventDate "2016.04.20"]

1. e4 e6 2. d4 d5 3. e5 c5 4. dxc5 Bxc5 5. Qg4 Kf8 6. Bd3 Ne7 7. Nf3 Nbc6 8.
O-O a5 9. c3 b6 10. Nbd2 Ng6 11. Re1 Ba6 12. Bxa6 Rxa6 13. Nb3 Qe7 14. a3 a4
15. Nbd4 Bxd4 16. cxd4 Na5 17. Bd2 Qb7 18. Qg5 Ke8 19. Bxa5 Rxa5 20. Rac1 Kd7
21. Rc2 Rc8 22. Rec1 Rxc2 23. Rxc2 Ra8 24. h4 Rg8 25. h5 h6 26. Qd2 Ne7 27. Qb4
Rc8 28. Qxa4+ Kd8 29. Kf1 Rxc2 30. Qxc2 Qa6+ 31. Qe2 Qa4 32. Qd3 Nc6 33. Ke2
Ke7 34. b4 Na7 35. Nd2 Qc6 36. Nb1 b5 37. Kd2 Kd7 38. Kd1 Qc8 39. Nd2 Qd8 40.
Qg3 Qf8 41. Qc3 Nc6 42. Nb3 Qa8 43. Nc5+ Kc7 44. Qf3 Qe8 45. Qg4 Qg8 46. Qe2
Nxd4 47. Qd3 Nc6 48. Qxb5 Qc8 49. f4 f6 50. Qd3 Qg8 51. Qg6 fxe5 52. fxe5 Nxe5
53. Qxe6 Qxe6 54. Nxe6+ Kb6 55. Nxg7 Kb5 56. Nf5 Nf7 57. Kd2 Kc4 58. Kc2 d4 59.
g3 d3+ 60. Kd2 Ng5 61. g4 Ne4+ 62. Ke3 Nf6 63. g5 hxg5 64. h6 Kc3 65. b5 Ng4+
66. Kf3 Nxh6 67. Ne3 g4+ 68. Kf2 g3+ 69. Kxg3 Nf5+ 70. Nxf5 d2 71. Ne3 1-0

[Event "Russian Championship G13 2016"]
[Site "Loo"]
[Date "2016.04.24"]
[Round "5.10"]
[White "Mikhailova, Yuliya"]
[Black "Deminova, Maria"]
[Result "0-1"]
[WhiteElo "1644"]
[BlackElo "1541"]
[PlyCount "84"]
[EventDate "2016.04.20"]

1. d4 Nf6 2. Nf3 e6 3. Bf4 c5 4. e3 cxd4 5. exd4 Nc6 6. c3 Be7 7. Nbd2 O-O 8.
Bd3 d6 9. Qc2 h6 10. h3 a6 11. O-O b5 12. Rac1 Bb7 13. a4 b4 14. c4 Rc8 15. b3
Nh5 16. Bh2 Qb6 17. Qb2 Rfd8 18. Ne4 f5 19. c5 dxc5 20. dxc5 Qa7 21. Nd6 Bxd6
22. Bxd6 Re8 23. Rfe1 Na5 24. Nd4 Bd5 25. Qe2 Nf6 26. Bxa6 Ra8 27. Bb5 Rec8 28.
Nxe6 Ne4 29. Bc4 Nxc4 30. bxc4 Bxe6 31. f3 Nxc5 32. Qe3 Bf7 33. Kh1 Nxa4 34.
Qb3 Qa6 35. Qxb4 Rxc4 36. Rxc4 Qxc4 37. Qb7 Qc8 38. Qb4 Qc3 39. Qh4 Re8 40. Rb1
Qd3 41. Qb4 Nc3 42. Rc1 Na2 0-1

[Event "Russian Championship G13 2016"]
[Site "Loo"]
[Date "2016.04.24"]
[Round "5.11"]
[White "Kasaeva, Sofiia"]
[Black "Bondareva, Daria"]
[Result "0-1"]
[WhiteElo "1514"]
[BlackElo "1601"]
[PlyCount "148"]
[EventDate "2016.04.20"]

1. e4 c5 2. Nf3 Nc6 3. d4 cxd4 4. Nxd4 Nf6 5. Nc3 e5 6. Ndb5 d6 7. Bg5 a6 8.
Na3 b5 9. Nd5 Be7 10. Bxf6 Bxf6 11. c3 Bg5 12. Be2 O-O 13. O-O Ne7 14. Nc2 Be6
15. Ncb4 a5 16. Nxe7+ Qxe7 17. Nc6 Qc7 18. Bxb5 Bd7 19. Qd5 Rfc8 20. Nd4 exd4
21. Qxg5 dxc3 22. Bxd7 Qxd7 23. bxc3 Rxc3 24. Qd5 Qc6 25. Rfd1 g6 26. Qxd6 Qxe4
27. Qf6 Rcc8 28. Rd7 Qc4 29. Qf3 Qe6 30. Rd3 Re8 31. Re3 Qc4 32. Rae1 Qa4 33.
h3 Rad8 34. Rxe8+ Rxe8 35. Rxe8+ Qxe8 36. Qe3 Qa4 37. Qd2 Kf8 38. Qh6+ Kg8 39.
Qd2 Kg7 40. Qc3+ f6 41. Qc7+ Kh6 42. Qc1+ g5 43. Qd2 Kg7 44. Qe2 Qb4 45. Kh2
Qb8+ 46. Kg1 Qb4 47. Kh2 a4 48. Kg1 a3 49. Kh2 Qb2 50. Qe7+ Kg6 51. Qe8+ Kf5
52. Qd7+ Ke5 53. Qe7+ Kd5 54. Qd7+ Kc4 55. Qc6+ Kd3 56. Qf3+ Kd2 57. Qe3+ Kd1
58. Qd3+ Kc1 59. Qf1+ Kc2 60. Qc4+ Kb1 61. Qd3+ Qc2 62. Qd5 Qxf2 63. Qb3+ Qb2
64. Qd1+ Kxa2 65. Qd5+ Kb1 66. Qd1+ Qc1 67. Qb3+ Ka1 68. Qd3 Kb2 69. Qe2+ Kc3
70. Qf3+ Kd2 71. Qxf6 Ke1 72. Qe5+ Kf1 73. Qb5+ Kf2 74. Qb3 Qg1# 0-1

[Event "Russian Championship G13 2016"]
[Site "Loo"]
[Date "2016.04.24"]
[Round "5.12"]
[White "Nasyrova, Ekaterina"]
[Black "Nur-Mukhametova, Alisa"]
[Result "1-0"]
[WhiteElo "2060"]
[BlackElo "1570"]
[PlyCount "119"]
[EventDate "2016.04.20"]

1. d4 Nf6 2. c4 g6 3. Nc3 d5 4. Nf3 Bg7 5. Bg5 Ne4 6. Bh4 Nxc3 7. bxc3 c5 8.
cxd5 Qxd5 9. e3 cxd4 10. cxd4 Qa5+ 11. Qd2 Qxd2+ 12. Kxd2 Nc6 13. Rb1 e6 14.
Be2 O-O 15. Rhc1 a5 16. a3 a4 17. Ke1 Na5 18. Bb5 Nc6 19. Ne5 Nxe5 20. dxe5
Bxe5 21. Be7 f5 22. Bxf8 Kxf8 23. Rc4 Ke7 24. Rxa4 Rxa4 25. Bxa4 Bd6 26. Rb3
Bc5 27. Bb5 b6 28. a4 Bb7 29. f3 Bd5 30. Rd3 Bd6 31. Kf2 Bc5 32. Ke2 Bd6 33. g3
g5 34. Rc3 g4 35. fxg4 fxg4 36. Bd3 h6 37. Kf2 Bc5 38. Be2 h5 39. a5 Kd6 40.
axb6 Bxb6 41. Rc8 e5 42. Rh8 Bf7 43. Rh6+ Kc5 44. Bd3 Bc4 45. Bxc4 Kxc4 46.
Rxb6 Kd5 47. Rh6 Ke4 48. Rxh5 Kd5 49. Rg5 Ke4 50. Rxg4+ Kf5 51. Kf3 Kf6 52. h4
Kf5 53. h5 e4+ 54. Rxe4 Kg5 55. g4 Kh6 56. Kf4 Kh7 57. Kg5 Kg7 58. Re7+ Kf8 59.
Kf6 Kg8 60. Ra7 1-0

[Event "Russian Championship G13 2016"]
[Site "Loo"]
[Date "2016.04.24"]
[Round "5.13"]
[White "Kutyanina, Mariya"]
[Black "Galushko, Karina"]
[Result "1-0"]
[WhiteElo "1809"]
[BlackElo "1404"]
[PlyCount "55"]
[EventDate "2016.04.20"]

1. e4 e6 2. d4 d5 3. e5 c5 4. c3 Nc6 5. Nf3 Qb6 6. a3 Bd7 7. b4 cxd4 8. cxd4
Rc8 9. Be3 Nge7 10. Bd3 a5 11. b5 Na7 12. a4 Ng6 13. O-O Bb4 14. Nbd2 O-O 15.
h4 Rfd8 16. h5 Ne7 17. g4 Rc3 18. Nb3 Rc7 19. Ng5 h6 20. Nh3 Kf8 21. Nc5 Rcc8
22. Qf3 Kg8 23. Kh1 Rf8 24. Nxd7 Qc7 25. Nxf8 Rxf8 26. Rac1 Qd8 27. g5 hxg5 28.
Bxg5 1-0

[Event "Russian Championship G13 2016"]
[Site "Loo"]
[Date "2016.04.24"]
[Round "5.14"]
[White "Bandurina, Sofiya"]
[Black "Sumarokova, Alina"]
[Result "0-1"]
[WhiteElo "1558"]
[BlackElo "1780"]
[PlyCount "113"]
[EventDate "2016.04.20"]

1. e4 e6 2. d4 d5 3. e5 b6 4. Nf3 Qd7 5. Be2 Ba6 6. Bxa6 Nxa6 7. c3 c5 8. O-O
Ne7 9. Qe2 Nc7 10. Nbd2 Nc6 11. Nb3 c4 12. Nbd2 Be7 13. Rd1 O-O 14. Nf1 b5 15.
Bg5 b4 16. Bxe7 Qxe7 17. Ng3 Rab8 18. Rab1 bxc3 19. bxc3 Nb5 20. Qd2 Na3 21.
Rb2 Rxb2 22. Qxb2 Rb8 23. Qc1 a5 24. Ne1 h6 25. h3 a4 26. Nf1 Rb1 27. Qd2 Qb7
28. Ne3 Rb2 29. Qc1 Rxa2 30. N1c2 Nxc2 31. Nxc2 Qb2 32. Qxb2 Rxb2 33. Rc1 Na5
34. Nb4 Nb3 35. Rd1 a3 36. Kf1 a2 37. Nxa2 Rxa2 38. Ke1 Ra1 39. Rxa1 Nxa1 40.
Kd2 Nb3+ 41. Kc2 f6 42. f4 fxe5 43. dxe5 g5 44. g3 gxf4 45. gxf4 Kg7 46. h4 Kg6
47. h5+ Kf5 48. Kb2 Kxf4 49. Kc2 Kxe5 50. Kb2 Kf4 51. Kc2 e5 52. Kd1 d4 53.
cxd4 exd4 54. Kc2 d3+ 55. Kd1 Ke3 56. Ke1 d2+ 57. Kd1 0-1

[Event "Russian Championship G13 2016"]
[Site "Loo"]
[Date "2016.04.24"]
[Round "5.15"]
[White "Dashina, Sofiia"]
[Black "Ershova, Sofya"]
[Result "1-0"]
[WhiteElo "1534"]
[BlackElo "1762"]
[PlyCount "101"]
[EventDate "2016.04.20"]

1. Nf3 Nf6 2. c4 e6 3. Nc3 d5 4. d4 Be7 5. g3 O-O 6. Bg2 Nbd7 7. Qc2 b6 8. cxd5
exd5 9. O-O Bb7 10. Rd1 c5 11. Nh4 cxd4 12. Rxd4 Bc5 13. Rd1 Qc7 14. Bf4 Bd6
15. Bxd6 Qxd6 16. e4 Rac8 17. exd5 Nxd5 18. Bxd5 Bxd5 19. Qd2 Nf6 20. Nxd5 Rfd8
21. Nf5 Nxd5 22. Nxd6 Rxd6 23. Rac1 Rcd8 24. Qxd5 Rxd5 25. Rxd5 Re8 26. Rcd1
Kf8 27. Rd8 Ke7 28. R8d7+ Kf6 29. Rxa7 Re2 30. Rd6+ Ke5 31. Rxb6 Kd4 32. Kf1
Rc2 33. Rxf7 Rc1+ 34. Kg2 Rc2 35. a4 Re2 36. a5 Kc5 37. b4+ Kc4 38. a6 Ra2 39.
a7 g6 40. Rbb7 Ra6 41. Rf8 Ra3 42. a8=Q Rc3 43. Qc8+ Kb3 44. Rf3 Rxf3 45. Kxf3
h5 46. Rc7 h4 47. Rc3+ Kb2 48. Qc4 hxg3 49. hxg3 g5 50. Qb3+ Ka1 51. Rc1# 1-0

[Event "Russian Championship G13 2016"]
[Site "Loo"]
[Date "2016.04.24"]
[Round "5.16"]
[White "Maltseva, Ekaterina"]
[Black "Zyapaeva, Polina"]
[Result "0-1"]
[WhiteElo "1520"]
[BlackElo "1650"]
[PlyCount "112"]
[EventDate "2016.04.20"]

1. e4 c5 2. Nf3 e6 3. d4 cxd4 4. Nxd4 a6 5. Nc3 Qc7 6. a3 b5 7. Be2 Bb7 8. O-O
Nf6 9. Bf3 Nc6 10. Nxc6 dxc6 11. Bg5 Be7 12. Qe2 Qe5 13. Bh4 O-O 14. Bg3 Qc5
15. e5 Nd5 16. Nxd5 cxd5 17. Bf4 Rac8 18. c3 Qc7 19. g3 Rfd8 20. Rad1 Bc5 21.
Bg5 Re8 22. Bh5 h6 23. Bc1 Qc6 24. Bf3 Red8 25. Bg2 Qc7 26. Rfe1 d4 27. Bxb7
Qxb7 28. cxd4 Bxd4 29. Bxh6 Bxf2+ 30. Qxf2 gxh6 31. Qf6 Rxd1 32. Rxd1 Kh7 33.
Qf2 Qc7 34. Re1 Rd8 35. Qf3 Qc5+ 36. Kh1 Qd5 37. Kg2 Kg6 38. Kf2 Qxf3+ 39. Kxf3
Rd2 40. Re2 Rxe2 41. Kxe2 Kf5 42. Kf3 Kxe5 43. Kg4 Kd4 44. Kh5 e5 45. Kxh6 e4
46. Kg7 e3 47. h4 e2 48. h5 e1=Q 49. h6 Qxg3+ 50. Kxf7 Qh4 51. Kg7 Qg5+ 52. Kh7
Ke5 53. b4 Kf6 54. a4 Qg6+ 55. Kh8 Qxh6+ 56. Kg8 Qg7# 0-1

[Event "Russian Championship G13 2016"]
[Site "Loo"]
[Date "2016.04.24"]
[Round "5.17"]
[White "Markova, Anna"]
[Black "Ochirova, Anita"]
[Result "1-0"]
[WhiteElo "1567"]
[BlackElo "1627"]
[PlyCount "127"]
[EventDate "2016.04.20"]

1. c4 e5 2. Nc3 Nf6 3. g3 d5 4. cxd5 Nxd5 5. Bg2 Nb6 6. d3 Nc6 7. Nf3 Be7 8.
O-O O-O 9. Be3 Be6 10. a3 Qd7 11. Rc1 Bh3 12. b4 Bxg2 13. Kxg2 Bd6 14. Na4 Nd5
15. Nc5 Nxe3+ 16. fxe3 Bxc5 17. Rxc5 Qd6 18. Qc1 a6 19. Qc3 f6 20. Qc4+ Kh8 21.
Qg4 b6 22. Rc4 Ne7 23. Nh4 Qd5+ 24. e4 Qd6 25. Nf5 Nxf5 26. exf5 Qd5+ 27. Kg1
Rac8 28. Qh5 Qf7 29. Qxf7 Rxf7 30. Rc6 Rb8 31. Rfc1 Rb7 32. a4 g6 33. fxg6 hxg6
34. Re6 Kg7 35. Rcc6 b5 36. a5 g5 37. Rxa6 g4 38. Ra8 c5 39. bxc5 b4 40. Rb6 b3
41. Rb8 Ra7 42. Rxb3 Rxa5 43. R3b4 f5 44. Rc4 Rc7 45. c6 Kf6 46. Rh8 Ra6 47.
Rc5 Kg7 48. Re8 Raxc6 49. Rxc6 Rxc6 50. Rxe5 Kf6 51. Ra5 Rc1+ 52. Kf2 Rh1 53.
Kg2 Re1 54. Ra2 Ke5 55. Ra5+ Kf6 56. Ra6+ Ke5 57. Kf2 Rh1 58. Rh6 Kd4 59. Rh5
Kc3 60. Ke3 Kb4 61. Rxf5 Rxh2 62. Rf4+ Kc5 63. Rxg4 Rh3 64. Kf3 1-0

[Event "Russian Championship G13 2016"]
[Site "Loo"]
[Date "2016.04.24"]
[Round "5.18"]
[White "Shumakova, Svetlana"]
[Black "Kirchei, Viktoriia"]
[Result "0-1"]
[WhiteElo "1589"]
[BlackElo "1569"]
[PlyCount "88"]
[EventDate "2016.04.20"]

1. d4 d5 2. Nf3 c6 3. e3 Nf6 4. b3 Bg4 5. Bb2 Nbd7 6. Bd3 e6 7. Nbd2 c5 8. h3
Bxf3 9. Nxf3 Rc8 10. O-O c4 11. Be2 Qb6 12. c3 Ne4 13. b4 a5 14. a3 Bd6 15. Nd2
Ndf6 16. Bf3 Ng5 17. Qe2 Qc6 18. Rfe1 Bc7 19. e4 dxe4 20. Nxe4 Nfxe4 21. Bxe4
Qd6 22. g3 Nxh3+ 23. Kg2 Ng5 24. Qxc4 Nxe4 25. Rxe4 O-O 26. Qd3 Qe7 27. Rh4 h6
28. Rah1 Qf6 29. Bc1 Qg6 30. Qf3 Bd8 31. Rg4 Bg5 32. Bxg5 hxg5 33. Qe3 Rxc3 34.
Qxc3 f5 35. Qc2 Qf6 36. Rxg5 Qxg5 37. f4 Qf6 38. Qc5 axb4 39. axb4 Ra8 40. Qc4
b5 41. Qc3 Qf7 42. Re1 Ra2+ 43. Kf3 Qb7+ 44. Ke3 Qe4# 0-1